Ciudadanía ii /
Guardado en:
| Autor Principal: | |
|---|---|
| Otros Autores: | , , , , , , , , |
| Formato: | Libro |
| Publicado: |
Buenos Aires :
Santilla,
2012
|
| Series: | Conocer +
|
| Materias: | |
| Etiquetas: |
Agregar Etiqueta
Sin Etiquetas, Sea el primero en etiquetar este registro!
|
| LEADER | 01191nam a22003135a 4500 | ||
|---|---|---|---|
| 001 | CEM.cems014977 | ||
| 005 | 20181023172432.0 | ||
| 008 | 130507s2012##################000#0#####d | ||
| 003 | CEMS | ||
| 020 | |a 9789504630883 | ||
| 082 | 0 | 4 | |a 320 |
| 100 | 1 | |a Balbiano, Alejandro | |
| 245 | 1 | 0 | |a Ciudadanía ii / |c Alejandro Balbiano ... y Otros |
| 260 | |a Buenos Aires : |b Santilla, |c 2012 | ||
| 300 | |a 144 p. | ||
| 490 | 0 | |a Conocer + | |
| 505 | 0 | |a Las sociedades humanas -- Las acciones humanas -- Poder y poítica -- El camino de los derechos humanos en América -- Pueblos con derechos -- Derechos humanos y alimentación -- Cultura e identidad -- El pueblo latinoamericano -- El barrio -- La Constitución Nacional, un asunto de todos -- Derechos y participación -- Los movimientos sociales | |
| 653 | |a Ciudadanía | ||
| 653 | |a Derechos humanos | ||
| 700 | 1 | |a Catalán, vanina | |
| 700 | 1 | |a De Luca, Paola | |
| 700 | 1 | |a Galli, Agustín | |
| 700 | 1 | |a Ippolito, Mónia | |
| 700 | 1 | |a López, Lucía | |
| 700 | 1 | |a Porro, Isabel | |
| 700 | 1 | |a Sagol, Cecilia | |
| 700 | 1 | |a Seldes, Verónica | |
| 700 | 1 | |a Valle, Julián | |
| 859 | |a CEMS |b BIB. CEMS - 11 de abril |h 320 |i B185 |p 27655.18 |t Ej.1 |v II |3 II | ||
